MARC

LEADER 00000nam0a2200000 4500
001 684581
005 20260304125355.0
010 |a 978-5-04-105398-7 
090 |a 684581 
100 |a 20260129d2019 m||y0rusy50 ca 
101 1 |a rus  |c eng 
102 |a RU 
105 |a y z 000ay 
181 0 |a i   |b  e  
182 0 |a n 
183 0 |a nc  |2 RDAcarrier 
200 1 |a 55  |e [роман]  |f Джеймс Деларджи  |g пер. с англ. М. Ю. Молчанова 
203 |a Текст  |b визуальный  |c непосредственный 
210 |a Москва  |c Эксмо  |d 2019 
215 |a 349 с. 
283 |a volume  |2 RDAcarrier 
320 |a Один из ярчайших остросюжетных дебютов 2019 г. Одна из самых взрывных завязок десятилетия. Сбивающий с ног темп охоты на убийцу. Деларджи открыл миру не только свое потрясающее дарование, но и целый неизведанный континент триллеров - Австралию. Права на экранизацию романа куплены компанией культового режиссера и продюсера Джерри Цукера, создателя "Привидения" с Патриком Суэйзи и Деми Мур. Полицейский участок в австралийской глуши. К сержанту Чендлеру Дженкинсу вваливается насмерть перепуганный и покрытый кровью посетитель по имени Гэбриэл. Он только что вырвался из лап жестокого безумца. Некто по имени Хит хотел сделать его своей 55-й жертвой. Хит - серийный убийца. И он должен быть немедленно пойман. Впрочем, в этом нет необходимости. Вот он, сам объявился в том же участке... и рассказывает точь-в-точь, до самых мелких деталей, такую же историю чудесного спасения. Только в ней он сам - жертва, а Гэбриэл - серийный убийца. Оба готовы на все, чтобы доказать свою версию. Но ведь правду может говорить только один... Разве не так?  
517 1 |a Пятьдесят пять  |z rus 
606 |a Английская литература  |9 52454 
610 1 |a художественная литература 
610 1 |a романы 
610 1 |a детективы 
675 |a 82  |v 4 
700 1 |a Деларджи  |b Д.   |g Джеймс 
702 1 |4 730  |a Молчанов  |b М. Ю. 
801 0 |a RU  |b 63413507  |c 20260202 
850 |a 63413507 
942 |c BK